000 00959nam a22002657a 4500
005 20260413093340.0
008 260413b |||||||| |||| 00| 0 eng d
020 _a0444812849
040 _aLC
_cUNZA
_eRDA
050 _aRC 347.5
_bHAN 1995
245 _aHandbook of clinical neurology :
_bintoxications of the nervous system : part II /
_ceditors, Pierre J. Vinken and George W. Bruyn; Volume editor, Frederik A De Wolff.
260 _aAmsterdam :
_bElsevier,
_c1995.
300 _axii, 654 pages :
_billustrations.
336 _aText
337 _aUnmediated
338 _aVolume
440 _nRevised series 21
_vvolume 65
504 _aIncludes bibliographical references and index.
650 _2LC
_aNervous system
_xdrug effects.
650 _2LC
_aNervous system Diseases
_xchemically induced.
700 _aVinken, Pierre J.
_eeditor
700 _aBruyn, George W.
_eeditor
700 _aDe Wolff, Frederik A.
_evolume editor
942 _cBOOK
999 _c216574
_d216574